Регионална библиотека "Любен Каравелов" - Русе

Всичко за снимките (Запис номер 81443)

MARC детайли
000 -Лидер
Контролно поле с фиксирана дължина 01815nam a2200409 a 4500
003 - Код на организацията, давaща контролен номер
Контролно поле BLK
005 - Дата и час на последна редакция
Контролно поле 20240306163858.0
008 - Елементи от данни с фиксирана дължина
fixed length control field 180408b bul|||||r ||||||| ||bul||
010 ## - Наследен системен номер
LC control number KNG00085947000
020 ## - Международен стандартен номер на книга ISBN
Международен стандартен номер на книга ISBN 978-954-27-0235-1
040 ## - Източник на каталожния запис
Идентификатор на билиотеката - собственик на записа BLK
041 ## - Код за език
Код за езика на текст/звукозапис или на отделно заглавие Български
Код за езика КДБФ Български
080 ## - УДК
Текстов определител УДК Фотографска техника и процеси. Вж и 771
УДК код - определител по УДК 77.02
УДК определител (035)
УДК - код + определител 77.02(035)
080 ## - УДК
Текстов определител УДК Апаратура за снимки. Фотоапарати. Фотоувеличители
УДК код - определител по УДК 771.3
УДК определител (035)
УДК - код + определител 771.3(035)
100 1# - Редна дума - Автор
Автор Мартин, Боб
Авторска отговорност първи автор
R(LIN) 300108
139 ## - Редно поле
Редна дума Тайните на фотографията
Авторски знак Таинс - Т 20
245 10 - Сведения за заглавието
Заглавие Всичко за снимките
Редно поле (дума) Боб Мартин; прев. Иван Динев Бакалов.
257 ## - Страна на издаване
Страна на създаване/издаване Съединени американски щати
260 ## - Област на издателските данни
Име на издателя, разпространителя и проч. Егмонт България
Година на издаване 2008
Печатница София : Лито Балкан
Място на издаване, разпространение и проч. София
300 ## - Физическа характеристика
Страници 400 с.
Илюстрации и др. с ил.
Размери/Мащаб 22 см
380 ## - Жанр
Жанр Изкуство
490 ## - СЕРИИ (Колекции)
Име на серия Тайните на фотографията
500 ## - Общи забележки
Забележка Без сведение за ориг. загл. - Други авт. : Р. Кларк, Дж. Хийли, Р. Олсиниъс, Р. Стивънс, Д. Гросман, Фр. Бренан. - Изд. на National Geographik. - Показалец.
650 #4 - Допълнително описание по предмет – тема
Основно описание – тема или топоним Фотография - наръчници и ръководства
9 (RLIN) 258492
653 ## - Ключова дума – ненормативна
Ключова дума фотография
653 ## - Ключова дума – ненормативна
Ключова дума цифрова фотография
653 ## - Ключова дума – ненормативна
Ключова дума наръчници
653 ## - Ключова дума – ненормативна
Ключова дума ръководства
700 1# - Други автори (авторска отговорност)
Лично име Бакалов, Иван Динев
Автороска отговорност (Описва отношението между автора и произведението) прев.
9 (RLIN) 372455
852 ## - Местоположение
Форматна сигнатура Цб 241561
Фондова буква Хранилище
856 4# - Електронен адрес и достъп
Електронен формат pdf - файл
856 4# - Електронен адрес и достъп
Електронен формат pdf - файл
942 ## - АРТИКУЛИ
Вид на библиотечния материал Книги
Скрит в OPAC Не
Koha issues (borrowed), all copies 7
944 ## - СЪЗДАВАНЕ И РЕДАКЦИЯ на ЗАПИСА
Създаване/Редакция Създаване
Дата на регистрацията/редакция 20.10.2008
Статус, дата на статуса Бояна Костадинова
Служител, извършил регистрацията/редакцията 30551
944 ## - СЪЗДАВАНЕ И РЕДАКЦИЯ на ЗАПИСА
Създаване/Редакция Редакция
Дата на регистрацията/редакция 14.09.2023
999 ## - СИСТЕМНИ КОНТРОЛНИ НОМЕРА
Koha biblionumber 81443
Koha biblioitemnumber 81443
999 ## - СИСТЕМНИ КОНТРОЛНИ НОМЕРА
Koha biblioitemnumber 81443
Наличности
Код за отписване Код за изгубен артикул Източник на класификационната схема Код за повреда Коз за рестрикции Код за отдаване Артикулен № Име на библиотеката - собственик Име на библиотеката, в която се намира в момента Статус (Текущо местоположение) Дата на вписване в системата Местоположение - отдел Цена в лева Инвентарен номер Систематично азбучна сигнатура Баркод Номер на екземпляра Цена в евро Служебна бележка Служебен тип на артикула
  Не е изгубен Universal Decimal Classification Не е повреден без рестрикции заемане за дома 132138 Регионална библиотека "Любен Каравелов" Русе Регионална библиотека "Любен Каравелов" Русе Отдел Изкуство - подръчен фонд 2008-10-06 Отдел Изкуство - подръчен фонд 29.90 120000730345 77/Т 20 120000730345 1 15.29 Дост: Pk Вид: Ф N: 8680 Дата: 03.10.2008 Дата инв: 08.06.2012 Бележки инв: * Книги
  Не е изгубен Universal Decimal Classification Не е повреден само за читалня ползва се в читалня 132139 Регионална библиотека "Любен Каравелов" Русе Регионална библиотека "Любен Каравелов" Русе Хранилище 2009-06-25 Хранилище 29.90 120000736430 Цб 241561 120000736430 2 15.29 Дост: Dp Вид: Д N: 4 Дата: 14.01.2009 Книги
  Не е изгубен   Не е повреден без рестрикции заемане за дома 132140 Регионална библиотека "Любен Каравелов" Русе Регионална библиотека "Любен Каравелов" Русе Детски отдел 2010-05-18 Детски отдел 29.90 120000744378 ДН 77/Т 20 120000744378 3 15.29 Дост: Pk Вид: Ф N: 27777 Дата: 18.05.2010 Дата инв: 21.08.2015 Бележки инв: Д2015 Книги
Vip Innovations Ltd, Rousse, Bulgaria 2025